Gadinadu nudisogadu (Record no. 122131)

MARC details
000 -LEADER
fixed length control field 03028nam a2200241Ia 4500
003 - CONTROL NUMBER IDENTIFIER
control field OSt
005 - DATE AND TIME OF LATEST TRANSACTION
control field 20251113110840.0
008 - FIXED-LENGTH DATA ELEMENTS--GENERAL INFORMATION
fixed length control field 210210b2017 xxu||||| |||| 00| 0 eng d
020 ## - INTERNATIONAL STANDARD BOOK NUMBER
International Standard Book Number 9789383717217
040 ## - CATALOGING SOURCE
Transcribing agency AL
041 ## - LANGUAGE CODE
Language code of text/sound track or separate title Kannada
082 ## - DEWEY DECIMAL CLASSIFICATION NUMBER
Classification number K894.9 MOHG
100 ## - MAIN ENTRY--PERSONAL NAME
Personal name MOHANA KUNTAR
Dates associated with a name ಮೋಹನ ಕುಂಟಾರ್
9 (RLIN) 245352
245 ## - TITLE STATEMENT
Title Gadinadu nudisogadu
Remainder of title ಗಡಿನಾಡ ನುಡಿಸೊಗಡು
260 ## - PUBLICATION, DISTRIBUTION, ETC.
Place of publication, distribution, etc. Hosapet
Name of publisher, distributor, etc. Yaji Prakashana
Date of publication, distribution, etc. 2017
300 ## - PHYSICAL DESCRIPTION
Extent 165
520 ## - SUMMARY, ETC.
Summary, etc. ಭಾರತದ ಪ್ರತಿಯೊಂದು ರಾಜ್ಯಗಳಲ್ಲಿ ಕೂಡ ಅಲ್ಲಿನದೇ ಆದ ಪ್ರತ್ಯೇಕ ಮತ್ತು ವಿಶಿಷ್ಟ ಸಂಸ್ಕೃತಿಯಿದೆ. ಸಾಂಸ್ಕೃತಿಕ ನೆಲೆಗಟ್ಟಿನಲ್ಲಿ, ಭಾಷಾವಾರು ಸಂಧರ್ಭಗಳಲ್ಲಿ ಅಥವಾ ಉಡುಗೆ ತೊಡುಗೆಯ ವಿಷಯಗಳಲ್ಲಿ ಪ್ರತಿ ಸಂಸ್ಕೃತಿಯು ವಿಭಿನ್ನವಾಗಿ ಗುರುತಿಸಿಕೊಂಡಿದೆ. ಆದರೆ ಎರಡು ರಾಜ್ಯಗಳ ಗಡಿಯನ್ನು ಹಂಚಿಕೊಂಡಂತಹ ಪ್ರದೇಶಗಳ ಪರಿಸ್ಥಿತಿ ಮಾತ್ರ ವಿಭಿನ್ನ. ಅಲ್ಲಿ ಎರಡೂ ರಾಜ್ಯಗಳ ಸಂಸ್ಕೃತಿ ಮೇಳೈಸಿರುತ್ತದೆ. ಜನರ ವೇಷ ಭೂಷಣ, ನಡೆ ನುಡಿ, ಸಾಂಸ್ಕೃತಿಕ ಹಿನ್ನೆಲೆ ಎಲ್ಲವೂ ಎರಡೂ ರಾಜ್ಯಗಳ ಪ್ರಭಾವಕ್ಕೆ ಒಳಗಾಗಿರುತ್ತವೆ. ಇಂತಹುದೇ ಒಂದು ಗಡಿ ಜಿಲ್ಲೆಯಾದ ಕಾಸರಗೋಡಿನ ಕುರಿತು ಬರೆದಿರುವಂತಹ ಕೃತಿ ಗಡಿನಾಡ ನುಡಿ ಸೊಗಡು. ಕೇರಳ ಮತ್ತು ಕರ್ನಾಟಕದ ಜೊತೆ ತನ್ನ ಗಡಿಯನ್ನು ಹಂಚಿಕೊಂಡಿರುವ ಕಾಸರಗೋಡು ಜಿಲ್ಲೆಯಲ್ಲಿ ಎರಡೂ ಜಿಲ್ಲೆಗಳ ಸಂಸ್ಕೃತಿಯ ಪ್ರಭಾವ ಹೇರಳವಾಗಿ ಕಾಣಬಹುದು. ಈ ಪುಸ್ತಕವು ಸಂಸ್ಕೃತಿಯ ಜೊತೆಗೆ ಭಾಷಾ ಕೊಡುಕೊಳ್ಳುವಿಕೆಯ ಕುರಿತು ವಿಶೇಷವಾಗಿ ಮಾಹಿತಿಯನ್ನು ನೀಡುತ್ತದೆ. ಲೇಖಕರಾದ ಮೋಹನ್‍ ಕುಂಟಾರ್‍ ಅವರು ಬರೆದಂತಹ ಹಲವು ಲೇಖನಗಳ ಸಂಗ್ರಹ ಇದಾಗಿದ್ದರು ಪುಸ್ತಕವು ಗಡಿನಾಡ ಸೊಬಗಿನ ಕುರಿತು ಮತ್ತು ಅಲ್ಲಿನ ಪರಿಸ್ಥಿತಿಗಳ ಕುರಿತು ಕಲಾತ್ಮಕವಾದ ವಿವರಣೆಯನ್ನು ನೀಡಿದ್ದಾರೆ.
650 ## - SUBJECT ADDED ENTRY--TOPICAL TERM
Topical term or geographic name entry element nudisogadu
9 (RLIN) 245353
650 ## - SUBJECT ADDED ENTRY--TOPICAL TERM
Topical term or geographic name entry element Gadinadu
9 (RLIN) 245354
690 ## - LOCAL SUBJECT ADDED ENTRY--TOPICAL TERM (OCLC, RLIN)
Topical term or geographic name as entry element Kannada Criticism
9 (RLIN) 245355
906 ## - LOCAL DATA ELEMENT F, LDF (RLIN)
a 072230
942 ## - ADDED ENTRY ELEMENTS (KOHA)
Source of classification or shelving scheme Dewey Decimal Classification
Koha item type Book
Holdings
Withdrawn status Lost status Source of classification or shelving scheme Damaged status Not for loan Collection code Home library Current library Shelving location Date acquired Source of acquisition Cost, normal purchase price Total Checkouts Full call number Barcode Date last seen Price effective from Koha item type
    Dewey Decimal Classification     Kannada St Aloysius Library St Aloysius Library   02/17/2021 Navakarnataka Publication Pvt Ltd Mangalore 150.00   K894.9 MOHG 072230 02/17/2021 02/17/2021 Book